General Knowledge: Things with the same name #4 - Statistics

General Stats
  • This quiz has been taken 145 times
  • The average score is 15 of 25
Answer Stats
Question Answer % Correct
Guinea Guinea is a country on what continent? Africa
97%
Rainier Rainier III was the Sovereign Prince of what country from 1949 to 2005? Monaco
87%
Oral The term "oral" refers to what body part? mouth
85%
Guinea Gold coins called guineas were made on what continent? Europe
84%
Fin What country is a Finn from? Finland
78%
Guinea Guinea pigs are from what continent? South America
78%
Guinea New Guinea is an island closest to what continent? Australia
77%
Iberia What is the largest country in the region known as Iberia? Spain
77%
Pole What country is a Pole from? Poland
75%
Pole Which continent contains one of earth's poles? Antarctica
73%
Fin Some films end with a screen showing the word "fin," which means "end" in what language? French (and Spanish)
71%
Rainier Mount Rainier is volcano in what country? United States
71%
Pole What does one do at a polling place? vote
71%
Oral The term "aural" refers to what body part? ear
67%
Thebes The ancient city known as Thebes of the Seven Gates is in what modern-day country? Greece
58%
Pole In what sport can you have the pole position? racing
58%
Fin What is the fin on the top of a fish called? dorsal fin
48%
Fin Finn McCool is a legendary hero in the folklore of what country? Ireland
48%
Thebes The ancient city known as Thebes of the Hundred Gates is in what modern-day country? Egypt
40%
Iberia The region of the Caucasus historically known as Iberia roughly corresponds to what modern-day country? Georgia
33%
Polecat What is the name for the domestic variety of the animal which is called a polecat in Europe? ferret
23%
Polecat What completely different animal is called a polecat in North America? skunk
18%
Onager The ancient weapon called an onager was a type of what? catapult
17%
Onager The animal called an onager is a type of what? wild ass
17%
Pole A polled animal lacks what? horns
10%
No matching quizzes found
Score Distribution
Percent of People with Each Score
Percentile by Number Answered
Your Score History
You have not taken this quiz